000 02496cam a22004814a 4500
001 muse16376
003 MdBmJHUP
005 20210127150929.0
006 m o d
007 cr||||||||nn|n
008 960307s1996 utu o 00 0 eng d
010 _z 96009996
020 _a9780874213133
020 _z0874212049 (alk. paper)
020 _z0874212081 (paper : alk. paper)
020 _z9780874212082
035 _a(OCoLC)42328996
040 _aMdBmJHUP
_cMdBmJHUP
043 _an-usp--
_an-us-ca
_an-us---
050 0 4 _aF868.N5
_bU54 1996
082 0 _a978/.02
_220
245 0 0 _aUnfortunate Emigrants
_cedited by Kristin Johnson.
264 1 _bUtah State University Press,
264 3 _bProject MUSE,
300 _a1 online resource (viii, 317 p.) :
_bill., maps ;
504 _aIncludes bibliographical references (p. 299-307) and index.
505 0 _aJ. Quinn Thornton -- From Oregon and California in 1848 -- Lilburn W. Boggs -- Immigrants to California -- Mary Ann Graves -- Letter from California -- H.A. Wise -- From Los Gringos -- Eliza W. Farnham -- From California, in-doors and out -- J. Ross Browne -- From "A dangerous journey" -- Frances H. McDougall -- The Donner tragedy : a thrilling chapter in our pioneer history -- James F. Reed -- The snow-bound, starved emigrants of 1846 -- William McCutchen -- Statement of William McCutchen -- Francis H. McDougall -- The DonnerTragedy once more : reply to Mr. Reed -- W.C. Graves -- Crossing the plains in '46 -- Jacob Wright Harlan -- From California '46 to '88 -- Virginia Reed Murphy -- Across the plains in the Donner Party (1846) -- Edna Maybelle Sherwood -- Tragic story of the Donner Party -- Roster of the Donner Party.
506 0 _aOpen Access
_fUnrestricted online access
_2star
588 _aDescription based on print version record.
650 0 _aOverland journeys to the Pacific.
650 0 _aDonner Party.
655 7 _aElectronic books.
_2local
700 1 _aJohnson, Kristin,
_d1953-
710 2 _aProject Muse.
_edistributor
830 0 _aBook collections on Project MUSE.
856 4 0 _zFull text available:
_uhttps://muse.jhu.edu/book/9318/
945 _aProject MUSE - Archive Complete Foundation
945 _aProject MUSE - Archive US Regional Studies, West Foundation
999 _c24013
_d24013